000 00658nam a22001937a 4500
999 _c13663
_d13663
003 AR-CdUCM
008 190416b ||||| |||| 00| 0 spa d
040 _aMUNICIPALIDAD PROVINCIAL DEL CUSCO
_cBIBLIOTECA MUNICIPAL DEL CUSCO
082 _22ed.
_a376.30 /
_bF19 / 1965
100 _aFalla, Julia
_932163
245 _aAntología de lecturas :
_bprimer ciclo de secundaria /
260 _aLima :
_bAmauta,
_c1965.
300 _a87 páginas ;
_c21 cm.
505 _aInterpretación de la lectura -- Significado de cada vocablo -- vocabulario...
650 _aEducación.
_9460
650 _aLectura.
_92069
942 _2ddc
_cLIBROS
945 _awfj
_d2019-04-16